[Event "Usti nad Labem Chlumecky Blitz op"]
[Site "Usti nad Labem"]
[Date "2024.05.05"]
[Round "15"]
[White "Bazantova, Marie"]
[Black "Zeman, Daniel Nikolas"]
[Result "0-1"]
[WhiteElo "1863"]
[BlackElo "1684"]
[PlyCount "38"]
[EventDate "2024.05.05"]
[EventType "swiss (blitz)"]
[EventRounds "15"]
[EventCountry "CZE"]
[SourceTitle "CBM 220 Extra"]
[Source "ChessBase"]
[SourceDate "2024.07.31"]
[SourceVersion "1"]
[SourceVersionDate "2024.07.31"]
[SourceQuality "1"]

1. e4 e5 2. Nf3 Nf6 3. Nxe5 d6 4. Nf3 Nxe4 5. Nc3 Nxc3 6. bxc3 Nc6 7. d4 d5 8. Bd3 Bd6 9. 0-0 Be6 10. h3 Qd7 11. Re1 0-0 12. Bxh7+ Kxh7 13. Ng5+ Kg8 14. Qh5 Bf5 15. Re3 Bg6 16. Qe2 Bf4 17. Rf3 Bxc1 18. Rxc1 Rae8 19. Qd2 f6 0-1

[Event "Usti nad Labem Chlumecky Blitz op"]
[Site "Usti nad Labem"]
[Date "2024.05.05"]
[Round "1"]
[White "Zeman, Daniel Nikolas"]
[Black "Holy, Filip"]
[Result "0-1"]
[WhiteElo "1684"]
[BlackElo "1942"]
[PlyCount "121"]
[EventDate "2024.05.05"]
[EventType "swiss (blitz)"]
[EventRounds "15"]
[EventCountry "CZE"]
[SourceTitle "CBM 220 Extra"]
[Source "ChessBase"]
[SourceDate "2024.07.31"]
[SourceVersion "1"]
[SourceVersionDate "2024.07.31"]
[SourceQuality "1"]

1. e4 c6 2. d4 d5 3. e5 c5 4. dxc5 e6 5. Qg4 h5 6. Qg3 h4 7. Qg4 Nc6 8. Nf3 Nh6 9. Bxh6 Rxh6 10. a3 Rg6 11. Qa4 Bxc5 12. b4 Be7 13. Nc3 Bd7 14. b5 Qa5 15. Qxa5 Nxa5 16. 0-0-0 Bxa3+ 17. Kb1 Be7 18. Rg1 Rc8 19. Na2 Nc4 20. Bd3 Rh6 21. Nd4 Bc5 22. Bxc4 dxc4 23. Nc3 a6 24. bxa6 bxa6 25. Na4 Bxa4 26. Kb2 Bxd4+ 27. Rxd4 Bb5 28. Rgd1 Rh5 29. Ka3 Rxe5 30. Kb4 g5 31. R1d2 Ke7 32. c3 Kf6 33. f4 gxf4 34. Rxf4+ Rf5 35. Rxh4 Rg8 36. g3 Rg6 37. Rhd4 Rh6 38. Rd6 Rfh5 39. h4 Rg6 40. Rf2+ Ke7 41. Rdd2 Rxg3 42. Rd1 Rxh4 43. Rdf1 f5 44. Re2 Kf6 45. Rfe1 Bd7 46. Ka5 Re4 47. Rxe4 fxe4 48. Rxe4 Bb5 49. Rf4+ Ke5 50. Rf1 Rxc3 51. Re1+ Kd5 52. Rd1+ Rd3 53. Re1 e5 54. Re2 Kd4 55. Kb4 e4 56. Re1 e3 57. Re2 Rd2 58. Re1 Kd3 59. Kc5 e2 60. Kd5 Rd1 61. Rh1 0-1

[Event "Usti nad Labem Chlumecky Blitz op"]
[Site "Usti nad Labem"]
[Date "2024.05.05"]
[Round "12"]
[White "Zeman, Daniel Nikolas"]
[Black "Peroutka, Simon"]
[Result "0-1"]
[WhiteElo "1684"]
[BlackElo "1895"]
[PlyCount "71"]
[EventDate "2024.05.05"]
[EventType "swiss (blitz)"]
[EventRounds "15"]
[EventCountry "CZE"]
[SourceTitle "CBM 220 Extra"]
[Source "ChessBase"]
[SourceDate "2024.07.31"]
[SourceVersion "1"]
[SourceVersionDate "2024.07.31"]
[SourceQuality "1"]

1. e4 c5 2. Nf3 Nc6 3. Nc3 d6 4. d4 cxd4 5. Nxd4 e5 6. Nf3 Nf6 7. Bc4 a6 8. Ng5 d5 9. Bxd5 Nxd5 10. Qxd5 Qxd5 11. Nxd5 Bd6 12. Be3 0-0 13. 0-0-0 Rd8 14. Rd2 f6 15. Nf3 Be6 16. Nb6 Rab8 17. Rhd1 Bc7 18. Rxd8+ Rxd8 19. Rxd8+ Bxd8 20. Nd5 Kf7 21. c4 h6 22. Kc2 f5 23. exf5 Bxf5+ 24. Kc3 Ke6 25. Bb6 Bf6 26. Nxf6 gxf6 27. b4 Be4 28. b5 axb5 29. cxb5 Ne7 30. a4 Nd5+ 31. Kc4 Nc3 32. Kc5 Kf5 33. Nd2 Kg4 34. Nc4 Kh5 35. Na5 Kg5 36. Kb4 0-1

[Event "Usti nad Labem Chlumecky Blitz op"]
[Site "Usti nad Labem"]
[Date "2024.05.05"]
[Round "14"]
[White "Zeman, Daniel Nikolas"]
[Black "Pribyl, Jakub"]
[Result "0-1"]
[WhiteElo "1684"]
[BlackElo "1962"]
[PlyCount "76"]
[EventDate "2024.05.05"]
[EventType "swiss (blitz)"]
[EventRounds "15"]
[EventCountry "CZE"]
[SourceTitle "CBM 220 Extra"]
[Source "ChessBase"]
[SourceDate "2024.07.31"]
[SourceVersion "1"]
[SourceVersionDate "2024.07.31"]
[SourceQuality "1"]

1. e4 e5 2. Nf3 Nc6 3. Bb5 a6 4. Ba4 Nf6 5. 0-0 Be7 6. Re1 b5 7. Bb3 0-0 8. c3 d5 9. exd5 Nxd5 10. Nxe5 Nxe5 11. Rxe5 Nf6 12. Re1 Bd6 13. d4 Ng4 14. h3 Nxf2 15. Kxf2 Qh4+ 16. Kg1 Bxh3 17. gxh3 Qg3+ 18. Kf1 Qxh3+ 19. Ke2 Rae8+ 20. Kd2 Qh6+ 21. Kc2 Qg6+ 22. Qd3 Qxd3+ 23. Kxd3 Rxe1 24. Nd2 h5 25. Nf3 Rh1 26. Bd5 h4 27. Ke2 Re8+ 28. Kf2 Rd1 29. Ng5 Ree1 30. Nxf7 Kf8 31. Nh6 Rxc1 32. Rxc1 Rxc1 33. Nf5 h3 34. Ng3 Rc2+ 35. Kf3 h2 36. Nh1 Rxb2 37. Be6 Rb1 38. Kg2 Rg1+ 0-1

[Event "Usti nad Labem Chlumecky Rapid op"]
[Site "Usti nad Labem"]
[Date "2024.05.04"]
[Round "8"]
[White "Picek, Miroslav"]
[Black "Zeman, Daniel Nikolas"]
[Result "1-0"]
[WhiteElo "1898"]
[BlackElo "1552"]
[PlyCount "81"]
[EventDate "2024.05.04"]
[EventType "swiss (rapid)"]
[EventRounds "9"]
[EventCountry "CZE"]
[SourceTitle "CBM 220 Extra"]
[Source "ChessBase"]
[SourceDate "2024.07.31"]
[SourceVersion "1"]
[SourceVersionDate "2024.07.31"]
[SourceQuality "1"]

1. Nf3 Nf6 2. c4 Nc6 3. Nc3 d5 4. cxd5 Nxd5 5. e4 Nxc3 6. bxc3 e5 7. Bc4 Bg4 8. Qb3 Qd7 9. Qxb7 Rb8 10. Qa6 Bxf3 11. gxf3 Bc5 12. Bb5 Rb6 13. Bxc6 Rxa6 14. Bxd7+ Kxd7 15. Ke2 Rb8 16. Rg1 g6 17. Rd1 Ra4 18. d3 Ke6 19. f4 Ba3 20. fxe5 Bxc1 21. Rdxc1 Rb2+ 22. Ke3 Raxa2 23. Rxa2 Rxa2 24. d4 a5 25. Rb1 Rc2 26. Rb3 Ra2 27. f4 a4 28. Rb4 a3 29. Ra4 Ra1 30. Kd3 Ra2 31. d5+ Kd7 32. Ra7 Rxh2 33. d6 a2 34. Rxc7+ Ke8 35. Ra7 h5 36. f5 Rb2 37. fxg6 fxg6 38. e6 Rb8 39. Rxa2 Rd8 40. e5 h4 41. Rg2 1-0